[Event "Wroclaw Anderssen Memorial op-B"]
[Site "Wroclaw"]
[Date "2023.??.??"]
[Round "4"]
[White "Nowacka, Dorota"]
[Black "Cieslak, Wiktoria"]
[Result "0-1"]
[WhiteElo "1659"]
[BlackElo "1919"]
[PlyCount "112"]
[EventDate "2023.08.06"]
[EventType "swiss"]
[EventRounds "9"]
[EventCountry "POL"]
[SourceTitle "EXT 2024"]
[Source "ChessBase"]
[SourceDate "2023.10.10"]
[SourceVersion "1"]
[SourceVersionDate "2023.10.10"]
[SourceQuality "1"]

1. d4 Nf6 2. c4 e6 3. Nf3 b6 4. e3 Bb7 5. Bd3 Bb4+ 6. Nbd2 0-0 7. 0-0 Bxd2 8. Bxd2 Ne4 9. Be1 d6 10. Qc2 f5 11. Rc1 Nd7 12. Nd2 Ndf6 13. b4 c5 14. bxc5 dxc5 15. Nb3 a5 16. a4 cxd4 17. exd4 Bc6 18. f3 Ng5 19. Bh4 Nf7 20. Ra1 Rc8 21. Qb2 Qd7 22. Qa3 e5 23. d5 Bb7 24. Nd2 Nd6 25. Bxf6 Rxf6 26. Be2 Ba6 27. Qb3 Rg6 28. Rfe1 Qc7 29. Rac1 Qc5+ 30. Kf1 Qd4 31. Qc3 Qh4 32. Kg1 Qg5 33. g3 f4 34. g4 h5 35. Bd3 e4 36. Nxe4 Nxe4 37. Bxe4 hxg4 38. fxg4 Qxg4+ 39. Kf2 Qh4+ 40. Kf3 Qh3+ 41. Ke2 Bxc4+ 42. Qxc4 Rxc4 43. Rxc4 Qe3+ 44. Kd1 Rg1 45. Rxg1 Qxg1+ 46. Kc2 Qf2+ 47. Kb1 Qe1+ 48. Kc2 Qe2+ 49. Kb3 Qe3+ 50. Kb2 f3 51. Bg6 Qd2+ 52. Kb1 Kf8 53. Rc7 f2 54. Rf7+ Kg8 55. Rf5 Qd3+ 56. Kb2 Qxf5 0-1

[Event "Wroclaw Anderssen Memorial op-B"]
[Site "Wroclaw"]
[Date "2023.??.??"]
[Round "1"]
[White "Witkowski, Michal"]
[Black "Nowacka, Dorota"]
[Result "0-1"]
[WhiteElo "1228"]
[BlackElo "1659"]
[PlyCount "72"]
[EventDate "2023.08.06"]
[EventType "swiss"]
[EventRounds "9"]
[EventCountry "POL"]
[SourceTitle "EXT 2024"]
[Source "ChessBase"]
[SourceDate "2023.10.10"]
[SourceVersion "1"]
[SourceVersionDate "2023.10.10"]
[SourceQuality "1"]

1. Nf3 d5 2. g3 c5 3. Bg2 Nc6 4. d4 Nf6 5. 0-0 cxd4 6. Nxd4 e5 7. Nxc6 bxc6 8. c4 Bb7 9. Qa4 Nd7 10. Rd1 Nc5 11. Qc2 d4 12. b4 Ne6 13. e3 Bxb4 14. Qb3 Qb6 15. Bd2 Bc5 16. Ba5 Qxb3 17. axb3 dxe3 18. Nc3 exf2+ 19. Kf1 Bd4 20. Ra3 Rb8 21. Ne4 Ke7 22. Rxd4 exd4 23. Bb4+ c5 24. Rxa7 cxb4 25. Nxf2 Nc5 26. Ne4 Nxe4 27. Bxe4 Rhd8 28. Rxb7+ Rxb7 29. Bxb7 Kd6 30. Bd5 Re8 31. Bf3 Re3 32. Bd1 Ke5 33. Kf2 f5 34. Bc2 h6 35. h4 Rc3 36. Bd1 Ke4 0-1

[Event "Mazowiec-chT op 1819"]
[Site "Warsaw"]
[Date "2018.12.02"]
[Round "2.12"]
[White "Kazmierowski, Tymon"]
[Black "Nowacka, Dorota"]
[Result "1-0"]
[WhiteElo "1321"]
[BlackElo "1464"]
[PlyCount "133"]
[EventDate "2018.12.02"]
[EventType "team-swiss"]
[EventRounds "10"]
[EventCountry "POL"]
[SourceTitle "EXT 2020"]
[Source "ChessBase"]
[SourceDate "2019.10.17"]
[SourceVersion "1"]
[SourceVersionDate "2019.10.17"]
[SourceQuality "1"]

1. e4 e6 2. d4 d5 3. Nd2 Nf6 4. e5 Nfd7 5. Bd3 c5 6. c3 Nc6 7. Ne2 cxd4 8. cxd4 f6 9. exf6 Nxf6 10. 0-0 Bd6 11. Nf3 Qc7 12. Re1 0-0 13. Ng3 e5 14. dxe5 Nxe5 15. Nxe5 Bxe5 16. Qb3 Kh8 17. Bg5 Be6 18. Rac1 Qd6 19. Bd2 a5 20. h3 Bxg3 21. fxg3 Nh5 22. Bc3 Qxg3 23. Be5 Qf2+ 24. Kh2 Nf4 25. Bxf4 Qxf4+ 26. Kh1 Qh6 27. Qb6 Rf6 28. Qxb7 Raf8 29. Bf1 Rf2 30. Qa6 Bf5 31. Qxh6 gxh6 32. Re2 Be4 33. Kg1 R2f5 34. Rd1 Kg7 35. g4 R5f7 36. Bg2 Rb8 37. Bxe4 dxe4 38. b3 Re8 39. Rd5 Ra7 40. Rd4 e3 41. Rf4 Rd7 42. Kg2 Rd1 43. Rf5 Rd2 44. Kf3 Rxe2 45. Kxe2 Ra8 46. Kxe3 a4 47. b4 Rc8 48. Kd3 Rb8 49. a3 Re8 50. Ra5 Rf8 51. Rxa4 Rf3+ 52. Kc4 Rxh3 53. Ra7+ Kf6 54. b5 Ke6 55. Kc5 Rc3+ 56. Kb6 Kd6 57. a4 Rc4 58. a5 Rxg4 59. Rxh7 Rg6 60. Ka6 Kc5+ 61. b6 Kc6 62. b7 Rg8 63. Rxh6+ Kc7 64. Ka7 Rg7 65. b8Q+ Kd7 66. Qb7+ Ke8 67. Rh8+ 1-0

[Event "POL-chT U19 2nd League"]
[Site "Iwonicz"]
[Date "2015.08.01"]
[Round "9.84"]
[White "Mazanowska, Aniela"]
[Black "Nowacka, Dorota"]
[Result "0-1"]
[WhiteElo "1111"]
[BlackElo "1320"]
[PlyCount "74"]
[EventDate "2015.07.25"]
[EventType "team-swiss"]
[EventRounds "11"]
[EventCountry "POL"]
[SourceTitle "EXT 2019"]
[Source "ChessBase"]
[SourceDate "2018.10.10"]
[SourceVersion "1"]
[SourceVersionDate "2018.10.10"]
[SourceQuality "1"]
[WhiteTeam "Myslenice MLKSz U19"]
[BlackTeam "Zielonka Zieloni U19"]
[WhiteTeamCountry "POL"]
[BlackTeamCountry "POL"]

1. d4 c5 2. c3 d5 3. Bf4 Nc6 4. Nf3 Qb6 5. b3 e6 6. e3 Nf6 7. dxc5 Bxc5 8. Bd3 0-0 9. 0-0 Re8 10. Ne5 Nd7 11. Nxd7 Bxd7 12. Qh5 f5 13. c4 g6 14. Qh3 e5 15. Bg3 Nb4 16. Rd1 e4 17. Bxe4 dxe4 18. Rxd7 Re7 19. Rxe7 Bxe7 20. Nc3 Rd8 21. Be5 Rd2 22. g4 Nd3 23. Nd5 Qe6 24. Bc3 Rxf2 25. Rf1 fxg4 26. Nxe7+ Qxe7 27. Qxg4 Rxf1+ 28. Kxf1 Qf7+ 29. Kg2 Qf2+ 30. Kh3 Qxe3+ 31. Kh4 Qf2+ 32. Kg5 Qc5+ 33. Kh4 Qf5 34. Qg2 e3 35. Qd5+ Qxd5 36. cxd5 e2 37. d6 Kf7 0-1

[Event "POL-chT U19 2nd League"]
[Site "Iwonicz"]
[Date "2015.08.01"]
[Round "10.78"]
[White "Nowacka, Dorota"]
[Black "Starosta, Martyna"]
[Result "0-1"]
[WhiteElo "1320"]
[BlackElo "1325"]
[PlyCount "58"]
[EventDate "2015.07.25"]
[EventType "team-swiss"]
[EventRounds "11"]
[EventCountry "POL"]
[SourceTitle "EXT 2019"]
[Source "ChessBase"]
[SourceDate "2018.10.10"]
[SourceVersion "1"]
[SourceVersionDate "2018.10.10"]
[SourceQuality "1"]
[WhiteTeam "Zielonka Zieloni U19"]
[BlackTeam "Rydultowy Ognisko U19 II"]
[WhiteTeamCountry "POL"]
[BlackTeamCountry "POL"]

1. c4 e5 2. g3 Nf6 3. Bg2 c6 4. Nc3 d5 5. cxd5 cxd5 6. Qb3 e4 7. d3 Bc5 8. Qb5+ Nbd7 9. dxe4 dxe4 10. Nxe4 Nxe4 11. Bxe4 0-0 12. e3 Bb6 13. Ne2 Nc5 14. Nc3 Bd7 15. Qe2 Nxe4 16. Nxe4 Bc6 17. f3 Re8 18. 0-0 Bxe4 19. fxe4 Rxe4 20. Rxf7 Kxf7 21. Qf3+ Kg8 22. Qxe4 Qd1+ 23. Kg2 Qe2+ 24. Kh3 Qf1+ 25. Qg2 Qf5+ 26. g4 Qf6 27. Qxb7 Rf8 28. Qg2 Qh6+ 29. Kg3 Bc7# 0-1